000 00479nam a22001457a 4500
005 20250902145000.0
008 250902b |||||||| |||| 00| 0 eng d
100 _aOSINDI MARY KERUBO
245 _aFACTORS INFLUENCING PERFOMANCE OF NGOs' SOCIO-ECONOMIC INTERVENTIONS:A CASE OF KISII CENTRAL DISTRICT, KENYA
260 _aKISII
_bKISII UNIVERSITY
_c2006
300 _aXI,82P.
500 _aINCLUDES AN INDEX
650 _aNONPROFIT ORGANIZATIONS-MANAGEMENT
942 _2lcc
_cREF
999 _c216067
_d216067